| 000 | 00535nam a2200169 4500 | ||
|---|---|---|---|
| 020 | _a0131940015 | ||
| 082 | 0 | 0 |
_a658.4032 _bBEN _cL-14, P-90 |
| 100 | 1 |
_aBenson, Ben, _944627 |
|
| 245 | 1 | 0 | _aCritical path methods in building construction. |
| 260 |
_aEnglewood Cliffs, N.J., _bPrentice-Hall _c[1970]. |
||
| 300 |
_avii, 132 p. _billus. _c29 cm. |
||
| 526 |
_a0 _b0 _c0 _d658_403200000000000_BEN |
||
| 650 | 0 |
_aConstruction industry _xManagement. _9806 |
|
| 650 | 0 |
_aCritical path analysis. _926640 |
|
| 650 | 0 |
_aMCE _9379 |
|
| 942 |
_2ddc _cBK |
||
| 999 |
_c548364 _d548364 |
||